Carregant...

Sons and lovers /

Dades bibliogràfiques
Autor principal: Lawrence, D. H.
Format: Printed Book
Idioma:English
Publicat: London : Collins, 1913.
Matèries:
LEADER 00440nam a2200133Ia 4500
008 150623b xxu||||| |||| 00| 1 eng d
082 |a 823.8L1 
100 |a Lawrence, D. H. 
245 |a Sons and lovers /  |c D. H. Lawrence 
260 |a London :  |b Collins,  |c 1913. 
650 |v Fiction 
942 |c BK 
999 |c 9429  |d 9429 
952 |0 0  |1 0  |4 0  |6 823_000000000000000_8L1  |7 0  |9 9428  |a UL  |b UL  |c ST1  |d 1998-09-24  |l 3  |o 823.8L1   |p 14600  |r 2015-06-16  |s 2015-05-04  |w 2012-10-27  |y BK